<?xml version="1.0" encoding="UTF-8"?>
<record
    xmlns:xsi="http://www.w3.org/2001/XMLSchema-instance"
    xsi:schemaLocation="http://www.loc.gov/MARC21/slim http://www.loc.gov/standards/marcxml/schema/MARC21slim.xsd"
    xmlns="http://www.loc.gov/MARC21/slim">

  <leader>00893nam a22002417a 4500</leader>
  <datafield tag="999" ind1=" " ind2=" ">
    <subfield code="c">20573</subfield>
    <subfield code="d">20573</subfield>
  </datafield>
  <controlfield tag="005">20191108053136.0</controlfield>
  <controlfield tag="008">191108b        xxu||||| |||| 00| 0 spa d</controlfield>
  <datafield tag="020" ind1=" " ind2=" ">
    <subfield code="a">064305944X</subfield>
  </datafield>
  <datafield tag="040" ind1=" " ind2=" ">
    <subfield code="a">CO-BoIAVH </subfield>
    <subfield code="c">CO-BoIAVH </subfield>
  </datafield>
  <datafield tag="041" ind1=" " ind2=" ">
    <subfield code="a">eng</subfield>
  </datafield>
  <datafield tag="044" ind1=" " ind2=" ">
    <subfield code="a">at</subfield>
  </datafield>
  <datafield tag="082" ind1=" " ind2=" ">
    <subfield code="a">595.71782</subfield>
    <subfield code="b">C89n</subfield>
  </datafield>
  <datafield tag="110" ind1=" " ind2=" ">
    <subfield code="a">CSIRO Divisi&#xF3;n of Entomology,</subfield>
  </datafield>
  <datafield tag="245" ind1=" " ind2=" ">
    <subfield code="a">Natural Resources and Biodiversity Program &amp; Australian National Insect Collection.</subfield>
    <subfield code="b">Report of Reseach July 1993 - June 1995.</subfield>
  </datafield>
  <datafield tag="260" ind1=" " ind2=" ">
    <subfield code="a">Black Mountain, Canberra:</subfield>
    <subfield code="b">CSIRO Publishing - Collinwood,</subfield>
    <subfield code="c">1996.</subfield>
  </datafield>
  <datafield tag="300" ind1=" " ind2=" ">
    <subfield code="a">48 P&#xE1;ginas:</subfield>
    <subfield code="b">fotograf&#xED;as,</subfield>
    <subfield code="c">30 x 21 cm.</subfield>
  </datafield>
  <datafield tag="650" ind1=" " ind2="0">
    <subfield code="a">Biodiversidad</subfield>
    <subfield code="z">Australia</subfield>
  </datafield>
  <datafield tag="650" ind1=" " ind2="0">
    <subfield code="a">Ecolog&#xED;a de insectos</subfield>
  </datafield>
  <datafield tag="650" ind1=" " ind2="0">
    <subfield code="a">Taxonom&#xED;a</subfield>
  </datafield>
  <datafield tag="650" ind1=" " ind2="0">
    <subfield code="a">Conservac&#xF3;n de los recursos naturales</subfield>
  </datafield>
  <datafield tag="651" ind1=" " ind2="0">
    <subfield code="a">Colecci&#xF3;n Nacional de Insectos </subfield>
    <subfield code="z">Australia</subfield>
  </datafield>
  <datafield tag="942" ind1=" " ind2=" ">
    <subfield code="2">ddc</subfield>
    <subfield code="c">LIBRO</subfield>
  </datafield>
  <datafield tag="952" ind1=" " ind2=" ">
    <subfield code="0">0</subfield>
    <subfield code="1">0</subfield>
    <subfield code="2">ddc</subfield>
    <subfield code="4">0</subfield>
    <subfield code="7">0</subfield>
    <subfield code="8">GENERAL</subfield>
    <subfield code="a">Bogota</subfield>
    <subfield code="b">Bogota</subfield>
    <subfield code="d">2019-11-08</subfield>
    <subfield code="l">0</subfield>
    <subfield code="o">LB-595.71782 C89n</subfield>
    <subfield code="p">043768</subfield>
    <subfield code="r">2019-11-08 00:00:00</subfield>
    <subfield code="t">Ej.1</subfield>
    <subfield code="w">2019-11-08</subfield>
    <subfield code="x">Canje</subfield>
    <subfield code="y">LIBRO</subfield>
  </datafield>
</record>
